000 00362nam a22001457a 4500
008 250312b |||||||| |||| 00| 0 eng d
020 _a0080179657
050 _aHC260
_b.S36
100 _aSANT, Morgan
245 _aIndustrial Movement and Regional Development
250 _a1st
260 _aOxford
_bPergamon Press
_c1975
300 _axiv, 253p.
942 _cBK
999 _c2277
_d2277